Daňové systémy vo vybraných krajinách diplomová práca

Salvato in:
Dettagli Bibliografici
Autore principale: Ráskyová, Daniela
Ente Autore: Podnikovohospodárska fakulta EU so sídlom v Košiciach. Katedra finančného riadenia podniku
Altri autori: Simonidesová, Jana, 1968-
Natura: Libro
Lingua:slovacco
Pubblicazione: Košice 2018
Tags: Aggiungi Tag
Nessun Tag, puoi essere il primo ad aggiungerne!!

MARC

LEADER 00000nbm a2200000 4500
001 0244095
005 20181019150037.8
041 0 |a slo 
044 |a SK 
245 1 0 |a Daňové systémy vo vybraných krajinách  |b diplomová práca  |c Daniela Ráskyová ; školiteľ: Jana Simonidesová 
264 1 |a Košice  |c 2018 
300 |a 81 s. 
100 1 |a Ráskyová, Daniela 
700 1 |a Simonidesová, Jana, 1968- 
710 2 |a Podnikovohospodárska fakulta EU so sídlom v Košiciach. Katedra finančného riadenia podniku